| 000 | 00776nam a2200241 a 4500 | ||
|---|---|---|---|
| 999 |
_c3271 _d3271 |
||
| 001 | 3271 | ||
| 003 | BD-JhCC | ||
| 005 | 20171115094337.0 | ||
| 008 | 171112s1985 bg |||| ||a| 000 0 ben d | ||
| 035 | _a(BD-JhCC)3271 | ||
| 040 |
_aBD-JhCC _dBD-JhCC |
||
| 041 | _aben | ||
| 082 |
_a891.4435 _bIBR 1985 |
||
| 100 | _aইব্রাহীম, মুহাম্মদ | ||
| 245 |
_aবৃষ্টি ও বজ্র / _cমুহাম্মদ ইব্রাহীম |
||
| 260 |
_aঢাকা : _bবাংলা একাডেমী, _c1985. |
||
| 300 |
_a95 p. : _c18 cm. |
||
| 490 | _aSeries in honour of the martyrs of the Language Movement of February 1952. | ||
| 650 | _aShort Stories | ||
| 650 | _aHuman of Bangladesh | ||
| 942 |
_2ddc _cBK |
||